Регионална библиотека "Любен Каравелов" - Русе

[Две хиляди и дванадесета] 2012 : Апокалипсис от А до Я (Запис номер 22182)

MARC детайли
000 -Лидер
Контролно поле с фиксирана дължина 01988nam a2200409 c 4500
003 - Код на организацията, давaща контролен номер
Контролно поле BLK
005 - Дата и час на последна редакция
Контролно поле 20240215171558.0
008 - Елементи от данни с фиксирана дължина
fixed length control field 180413b bul|||||r ||||||| ||bul||
010 ## - Наследен системен номер
LC control number KNG00024528000
020 ## - Международен стандартен номер на книга ISBN
Международен стандартен номер на книга ISBN 978-954-655-203-7
-- издат.: Бард
040 ## - Източник на каталожния запис
Идентификатор на билиотеката - собственик на записа BLK
041 ## - Код за език
Код за езика на текст/звукозапис или на отделно заглавие Български
Код за езика КДБФ Български
072 #7 - Код за тематичната категория
Код организация bullib
Код за тематична категория Н15
Текст Психология Н
080 ## - УДК
Текстов определител УДК Парапсихология. Нумерология. - Халюцинации, пророчества, предсказания, магии, демонология, телепатия, спиритизъм, илюзии, нумерология, мошеничество. Вж и 133 ; 398.4 ; 615.851
УДК код - определител по УДК 159.961
УДК определител (02.062)
УДК - код + определител 159.961(02.062)
100 1# - Редна дума - Автор
Автор Марианис, Анна
Авторска отговорност първи автор
R(LIN) 92645
139 ## - Редно поле
Редна дума Марианис, Анна
Авторски знак Мари - М 31
245 10 - Сведения за заглавието
Заглавие [Две хиляди и дванадесета] 2012 : Апокалипсис от А до Я
Подзаглавни данни От древните пророчества до науч. прогнози
Редно поле (дума) Анна Марианис; прев. от рус. Татяна Балова.
257 ## - Страна на издаване
Страна на създаване/издаване Русия
260 ## - Област на издателските данни
-- София
Име на издателя, разпространителя и проч. Бард
Година на издаване 2011
Печатница Хасково : Полиграфюг
300 ## - Физическа характеристика
Страници 352 с.
Размери/Мащаб 20 см
380 ## - Жанр
Жанр Общ отдел
500 ## - Общи забележки
Забележка Ориг. загл. 2012 : Каким будет Апокалипсис / А. Марианис. - Библиогр. с. 348.
650 #4 - Допълнително описание по предмет – тема
Основно описание – тема или топоним Предсказания - популярна литература
9 (RLIN) 266223
653 ## - Ключова дума – ненормативна
Ключова дума апокалипсис
653 ## - Ключова дума – ненормативна
Ключова дума пророчества
653 ## - Ключова дума – ненормативна
Ключова дума предсказания
653 ## - Ключова дума – ненормативна
Ключова дума научни хипотези
653 ## - Ключова дума – ненормативна
Ключова дума есхатология
659 ## - Тематичен бюлетин
Тематичен бюлетин Н
700 1# - Други автори (авторска отговорност)
Лично име Балова, Татяна
Автороска отговорност (Описва отношението между автора и произведението) прев. от рус.
9 (RLIN) 365658
852 ## - Местоположение
Форматна сигнатура Цб 251432
856 4# - Електронен адрес и достъп
Електронен формат pdf - файл
Път до файла /url/
856 4# - Електронен адрес и достъп
Електронен формат pdf - файл
Път до файла /url/
942 ## - АРТИКУЛИ
Вид на библиотечния материал Книги
Скрит в OPAC Не
Koha issues (borrowed), all copies 4
944 ## - СЪЗДАВАНЕ И РЕДАКЦИЯ на ЗАПИСА
Създаване/Редакция Създаване
Дата на регистрацията/редакция 07.04.2011
Статус, дата на статуса Цветомила Тодорова
Служител, извършил регистрацията/редакцията 30576
944 ## - СЪЗДАВАНЕ И РЕДАКЦИЯ на ЗАПИСА
Създаване/Редакция Редакция
Дата на регистрацията/редакция 14.02.2013
Статус, дата на статуса ф /
Служител, извършил регистрацията/редакцията
999 ## - СИСТЕМНИ КОНТРОЛНИ НОМЕРА
Koha biblionumber 22182
Koha biblioitemnumber 22182
Наличности
Код за отписване Код за изгубен артикул Източник на класификационната схема Код за повреда Коз за рестрикции Код за отдаване Артикулен № Име на библиотеката - собственик Име на библиотеката, в която се намира в момента Статус (Текущо местоположение) Дата на вписване в системата Местоположение - отдел Цена в лева Инвентарен номер Систематично азбучна сигнатура Баркод Номер на екземпляра Цена в евро Служебна бележка Служебен тип на артикула
Изтеглен Не е изгубен Universal Decimal Classification Не е повреден без рестрикции заемане за дома 36635 Регионална библиотека "Любен Каравелов" Русе Регионална библиотека "Любен Каравелов" Русе Заемна - подръчен фонд 2011-04-08 Заемна - подръчен фонд 12.99 120000750273 П 159.961/М 31 120000750273 1 6.64 Дост: Pk Вид: Ф N: 127 Дата: 01.04.2011 Дата инв: 02.02.2018 Бележки инв: П2018 Книги
  Не е изгубен   Не е повреден без рестрикции ползва се в читалня 36636 Регионална библиотека "Любен Каравелов" Русе Регионална библиотека "Любен Каравелов" Русе Хранилище 2012-08-20 Хранилище 12.99 120000759277 Цб 251432 120000759277 2 6.64 Дост: Dp Вид: Д N: 27 Дата: 04.07.2011 Книги
Vip Innovations Ltd, Rousse, Bulgaria 2025